| 000 | 00831cam a22002412 4500 | ||
|---|---|---|---|
| 001 | 0000002344 | ||
| 005 | 20151217161130.0 | ||
| 008 | 070410s xx 000 0 eng d | ||
| 020 |
_a0198296193 : _cKES 1,600 |
||
| 040 |
_aKABU _cKABU |
||
| 050 | 0 |
_aHF5549 _b.A23D53 |
|
| 245 | 1 | 0 |
_aDictionary of human resource management / _c[complied by] Edmund Heery, Mike Noon. |
| 246 | 3 | _aHuman resource management | |
| 260 |
_aOxford ; _aNew York : _bOxford University Press, _c2001. |
||
| 300 |
_axxvii, 449 p. ; _c23 cm. |
||
| 650 | 0 |
_aPersonnel management _vDictionaries. _@0000151686 |
|
| 700 | 1 |
_aHeery, Edmund. _@0000151687 |
|
| 700 | 1 |
_aNoon, Mike. _@0000151688 |
|
| 908 | _a070410 | ||
| 950 | _@1 | ||
| 999 |
_c14899 _d14899 |
||